LEADER 00853nam a2200193 i 4500 001 000000025559 003 CaOOAMICUS 005 20180830125447.0 008 180830s1968 it u000 u ita u 040 $aSeMil$bita 100 1 $aCarr, Edward H.$0(OLS)http://semarc/name/11344 240 12$aA history of Soviet Russia. Socialism in One Country : 1924-1926.$0(OLS)http://semarc/title/34423 245 13$aIl socialismo in un solo paese /$cEdward H. Carr. 300 $a2 v. 650 4$aSocialismo.$0(OLS)http://semarc/subject/865 773 0 $tStoria della Russia sovietica.$dTorino : Giulio Einaudi, copyr. 1964-copyr. 1969.$w()25557 774 0 $tPolitica interna.$kBiblioteca di cultura storica$g1$w()206727 774 0 $tPolitica estera.$kBiblioteca di cultura storica$g2$w()206728 996 $6245$aIl socialismo in un solo paese$9(OLS)http://semarc/title/34422 LEADER 00977nam a2200241 i 4500 001 000000199729 003 CaOOAMICUS 005 20141027000000.0 008 141027s1932 it u000 u ita u 013 $a178421 040 $aSeMil$bita 100 1 $aAriosto, Ludovico,$d<1474-1533>.$0(OLS)http://semarc/name/1232 245 10$aSatire /$cLudovico Ariosto ; introduzione, commento e bibliografia di Mario Ferrara. 260 $aFirenze :$bLe Monnier,$c1932. 300 $aXXIII, 104 p. ;$c21 cm. 500 $aIn front.: Testo prescritto dai programmi per i licei. - Fondo card. Giovanni Colombo. 700 1 $aFerrara, Mario <1897- >.$0(OLS)http://semarc/name/9019 850 $aSeMil 852 $aSeMil$W1$xVenegono$y1$m3GC III 154$j150264$B150264$CSeMilBibl$Z2$F161619 $8B 941 1 $a3 961 $aLascito: Colombo Card. Giovanni 996 $6245$aSatire$9(OLS)http://semarc/title/122996 996 $6260$aFirenze :$bLe Monnier$9(OLS)http://semarc/publisher/30060